00202nam a2200097Ia 4500100001800000250001300018942000700031245001500038260003200053999001900085 aSudaha Murthy a2007 Ed. cBK aMahashweta aPenguin books ltd.New Delhi c424168d424168